000 01101nam a2200205 a 4500
005 20140310183604.0
008 120706s19uu xx 00 eng d
020 _a9780230232495
050 _aHQ 767.85
_b.In58 2010
245 _aInternational perspectives on early childhood research :
_ba day in the life /
_cedited by Julia Gillen and Catherine Ann Cameron.
260 _aBasingstoke, England ; New York :
_bPalgrave Macmillan,
_c2010.
300 _axiii, 202 p. :
_bill. ;
_c22 cm.
500 _aIncludes bibliographical references (p. 180-193) and index.
520 _a"An international team of researchers videoed a day in the life of two-and-a-half-year-old girls at home in Canada, Italy, Peru, Thailand, Turkey, the UK and the USA. Different paths to wellbeing are illustrated through words and images. The book examines how human culture is shaped through interactions involving young children and their families"--Provided by publisher.
521 _aEDU
650 _aChildren
_xCross-cultural studies
700 _aCameron, Catherine Ann
942 _cBK
_2lcc
_kFOR
999 _c25135
_d25135